Zkušenosti z uvádění do provozu vodohospodářského komplexu Želivka

Bibliographic Details
Main Author: Sedlák, Karel (Author)
Format: Article
Language:Czech

MARC

LEADER 00000nab a2200000uu 4500
001 vtls011147212
003 SK-MaSNL
005 20260303112009.0
008 230121|1976 xo |||||||||||||||||cze|
015 |a SNBRB 
035 |a (urnnbn)urn:nbn:sk:snk:ar-a09v7f 
035 |a (uuid)f11784e5-9f5f-4c4e-a050-5a6813262548 
035 |a urn:nbn:sk:snk-abaxlp 
040 |a SNKBUCL  |b slo  |c SNKBUCL  |e AACR2 
041 0 |a cze 
044 |a xo  |c SK 
100 1 |a Sedlák, Karel  |4 aut  |9 1125066 
245 1 0 |a Zkušenosti z uvádění do provozu vodohospodářského komplexu Želivka  |c Karel Sedlák 
773 0 |t Vodohospodársky spravodajca  |g Roč. 19, č. 12 (1976), s. [616]-623 
958 |a OND 
958 |a EUIPO 
958 |a article14 
999 |c 1880873  |d 1882803